[Event "Bhubaneswar op-A 15th"]
[White "Lakshmi Charan, Naidu G"]
[Black "Rios Gomez, Cristhian Camilo"]
[Site "Bhubaneswar"]
[Round "9"]
[Result "0-1"]
[Date "2024.12.08"]
[WhiteElo "1943"]
[BlackElo "2448"]
[PlyCount "52"]
[EventDate "2024.12.02"]
[EventType "swiss"]
[EventRounds "10"]
[EventCountry "IND"]
[SourceTitle "CB50_2024"]
[SourceDate "2024.11.01"]
[SourceVersion "1"]
[SourceVersionDate "2024.11.01"]
[SourceQuality "2"]

1. d4 d6 2. Bf4 g6 3. Nc3 Bg7 4. e4 a6 5. Nf3 b5 6. Qd2 Bb7 7. Bd3 Nd7 8. 0-0 c5 9. d5 c4 10. Be2 Nc5 11. a3 Nf6 12. e5 Nxd5 13. Bh6 Bxh6 14. Qxh6 Nxc3 15. bxc3 Bxf3 16. Bxf3 d5 17. e6 Nxe6 18. Rfd1 Nc7 19. Qg7 Rf8 20. Qxh7 e6 21. a4 Qf6 22. Qh3 Ke7 23. Qg3 Rfc8 24. Rd4 bxa4 25. Re1 Kf8 26. Rf4 Qxc3 0-1

[Event "Bhubaneswar op-A 15th"]
[White "Lakshmi Charan, Naidu G"]
[Black "Gochelashvili, David"]
[Site "Bhubaneswar"]
[Round "5"]
[Result "0-1"]
[Date "2024.12.05"]
[WhiteElo "1943"]
[BlackElo "2269"]
[PlyCount "76"]
[EventDate "2024.12.02"]
[EventType "swiss"]
[EventRounds "10"]
[EventCountry "IND"]
[SourceTitle "CB50_2024"]
[SourceDate "2024.11.01"]
[SourceVersion "1"]
[SourceVersionDate "2024.11.01"]
[SourceQuality "2"]

1. d4 Nf6 2. Bf4 g6 3. Nc3 d5 4. Nf3 Bg7 5. Nb5 Na6 6. e3 c6 7. Nc3 Nc7 8. h3 0-0 9. Be2 Nce8 10. 0-0 Nd6 11. Bd3 Nfe4 12. Bxe4 dxe4 13. Nd2 f5 14. Ne2 b6 15. c3 Ba6 16. Re1 Qd7 17. Qb3+ Kh8 18. Rad1 Rad8 19. Be5 Bxe5 20. dxe5 Bxe2 21. Rxe2 Nb7 22. Ree1 Nc5 23. Qa3 Nd3 24. Rf1 Nxe5 25. Nxe4 Qxd1 26. Rxd1 Rxd1+ 27. Kh2 fxe4 28. Qxe7 Rf5 29. Qe8+ Kg7 30. Qe7+ Nf7 31. Kg3 Rg5+ 32. Kf4 Rd2 33. f3 Rdxg2 34. Qxa7 Kf6 35. Qb8 exf3 36. Kxf3 Ne5+ 37. Ke4 R5g4+ 38. hxg4 Rxg4# 0-1

[Event "Bhubaneswar op-A 15th"]
[White "Lakshmi Charan, Naidu G"]
[Black "Kaustuv, Kundu"]
[Site "Bhubaneswar"]
[Round "1"]
[Result "0-1"]
[Date "2024.12.02"]
[WhiteElo "1943"]
[BlackElo "2427"]
[PlyCount "106"]
[EventDate "2024.12.02"]
[EventType "swiss"]
[EventRounds "10"]
[EventCountry "IND"]
[SourceTitle "CB50_2024"]
[SourceDate "2024.11.01"]
[SourceVersion "1"]
[SourceVersionDate "2024.11.01"]
[SourceQuality "2"]

1. d4 Nf6 2. Bf4 c5 3. e3 e6 4. Nd2 d5 5. Ngf3 Qb6 6. Rb1 cxd4 7. exd4 Bd7 8. c3 Bb5 9. Qb3 Bxf1 10. Qxb6 axb6 11. Kxf1 Nc6 12. a3 Nh5 13. Be3 Bd6 14. g3 b5 15. Kg2 h6 16. Nb3 b6 17. Nc1 g5 18. Nd3 f6 19. Rbe1 Kf7 20. Bc1 Rae8 21. Rd1 Na5 22. Rhe1 Ng7 23. h4 Nc4 24. Re2 Nf5 25. Rde1 Rhg8 26. hxg5 hxg5 27. Rh1 Kg6 28. Rhe1 Ng7 29. g4 Rh8 30. Rd1 Bb8 31. Nb4 Bd6 32. Nd3 Re7 33. Ree1 Rc7 34. Re2 Na5 35. Ree1 Nc6 36. Rh1 Rxh1 37. Rxh1 Rc8 38. Rh3 Re8 39. Rh1 Nd8 40. Rd1 Nf7 41. Ng1 f5 42. gxf5+ exf5 43. Nf3 f4 44. Nde5+ Bxe5 45. dxe5 g4 46. Nh2 f3+ 47. Kg3 Nh5+ 48. Kxg4 Nxe5+ 49. Kh4 Rh8 50. Rg1+ Kf7 51. Bh6 Rxh6 52. Ng4 Nxg4 53. Rxg4 Nf6+ 0-1

[Event "IND-ch U15 49th"]
[White "Lakshmi Charan, Naidu G"]
[Black "Bhoir, Paras Dilip"]
[Site "Hosur"]
[Round "8"]
[Result "0-1"]
[Date "2024.11.08"]
[WhiteElo "1909"]
[BlackElo "2081"]
[PlyCount "64"]
[EventDate "2024.11.03"]
[EventType "swiss"]
[EventRounds "11"]
[EventCountry "IND"]
[SourceTitle "CB45_2024"]
[Source "ChessBase"]
[SourceDate "2024.11.06"]
[SourceVersion "1"]
[SourceVersionDate "2024.11.06"]
[SourceQuality "1"]

1. d4 d5 2. Nf3 Nf6 3. Bf4 c5 4. e3 Nc6 5. Nbd2 Qb6 6. dxc5 Qxb2 7. Rb1 Qc3 8. Bb5 e6 9. 0-0 Be7 10. Be5 Qxc5 11. c4 0-0 12. Bxc6 bxc6 13. Qa4 Bd7 14. Rb7 Rfd8 15. Rfb1 Qa3 16. Qc2 c5 17. Bb2 Qa6 18. Bc3 Rac8 19. Qb2 Qa4 20. Ne5 h6 21. h3 Bf8 22. Nxd7 Rxd7 23. Bxf6 gxf6 24. Qxf6 Bg7 25. Qf3 Rcd8 26. Qg4 Rxb7 27. Rxb7 Qxa2 28. Nf3 Qxc4 29. Qh5 Rf8 30. Rxa7 Qc1+ 31. Kh2 Qb2 32. Qh4 Qb8+ 0-1